<?xml version="1.0" encoding="UTF-8"?>
<record
    xmlns:xsi="http://www.w3.org/2001/XMLSchema-instance"
    xsi:schemaLocation="http://www.loc.gov/MARC21/slim http://www.loc.gov/standards/marcxml/schema/MARC21slim.xsd"
    xmlns="http://www.loc.gov/MARC21/slim">

  <leader>05207nam a2200373   4500</leader>
  <controlfield tag="003">NALT</controlfield>
  <controlfield tag="005">20260310093935.0</controlfield>
  <controlfield tag="008">251103b        th ||||| |||| 00| 0 tha d</controlfield>
  <datafield tag="020" ind1=" " ind2=" ">
    <subfield code="a">9786161877026</subfield>
  </datafield>
  <datafield tag="040" ind1=" " ind2=" ">
    <subfield code="a">NALT</subfield>
  </datafield>
  <datafield tag="041" ind1="1" ind2=" ">
    <subfield code="a">tha</subfield>
    <subfield code="h">eng</subfield>
  </datafield>
  <datafield tag="050" ind1=" " ind2=" ">
    <subfield code="a">BF 637.S4</subfield>
    <subfield code="b">&#xE23;187&#xE17; 2568</subfield>
  </datafield>
  <datafield tag="100" ind1="1" ind2=" ">
    <subfield code="a">&#xE23;&#xE47;&#xE2D;&#xE1A;&#xE1A;&#xE34;&#xE19;&#xE2A;&#xE4C;, &#xE40;&#xE21;&#xE25;.</subfield>
    <subfield code="9">66868</subfield>
  </datafield>
  <datafield tag="245" ind1="1" ind2="0">
    <subfield code="a">&#xE17;&#xE24;&#xE29;&#xE0E;&#xE35;&#xE1B;&#xE25;&#xE48;&#xE2D;&#xE22;&#xE40;&#xE02;&#xE32; =</subfield>
    <subfield code="b">The let them theory / </subfield>
    <subfield code="c">Mel Robbins &#xE40;&#xE02;&#xE35;&#xE22;&#xE19; ; &#xE40;&#xE02;&#xE21;&#xE25;&#xE31;&#xE01;&#xE29;&#xE13;&#xE4C; &#xE14;&#xE35;&#xE1B;&#xE23;&#xE30;&#xE27;&#xE31;&#xE15;&#xE34;, &#xE41;&#xE1B;&#xE25;.</subfield>
  </datafield>
  <datafield tag="246" ind1=" " ind2=" ">
    <subfield code="a">The let them theory : </subfield>
    <subfield code="b">a life-changing tool that millions of people can't stop talking about.</subfield>
  </datafield>
  <datafield tag="250" ind1=" " ind2=" ">
    <subfield code="a">&#xE1E;&#xE34;&#xE21;&#xE1E;&#xE4C;&#xE04;&#xE23;&#xE31;&#xE49;&#xE07;&#xE17;&#xE35;&#xE48; 3.</subfield>
  </datafield>
  <datafield tag="260" ind1=" " ind2=" ">
    <subfield code="a">&#xE01;&#xE23;&#xE38;&#xE07;&#xE40;&#xE17;&#xE1E;&#xE2F; : </subfield>
    <subfield code="b">&#xE2E;&#xE32;&#xE27;&#xE17;&#xE39; &#xE2D;&#xE21;&#xE23;&#xE34;&#xE19;&#xE17;&#xE23;&#xE4C; &#xE04;&#xE2D;&#xE23;&#xE4C;&#xE40;&#xE1B;&#xE2D;&#xE40;&#xE23;&#xE0A;&#xE31;&#xE48;&#xE19;,</subfield>
    <subfield code="c">2568.</subfield>
  </datafield>
  <datafield tag="300" ind1=" " ind2=" ">
    <subfield code="a">421 &#xE2B;&#xE19;&#xE49;&#xE32; : </subfield>
    <subfield code="b">&#xE20;&#xE32;&#xE1E;&#xE1B;&#xE23;&#xE30;&#xE01;&#xE2D;&#xE1A;, &#xE15;&#xE32;&#xE23;&#xE32;&#xE07; ;</subfield>
    <subfield code="c">21 &#xE0B;&#xE21;.</subfield>
  </datafield>
  <datafield tag="505" ind1="2" ind2=" ">
    <subfield code="a">&#xE1A;&#xE17;&#xE19;&#xE33; : &#xE40;&#xE23;&#xE37;&#xE48;&#xE2D;&#xE07;&#xE23;&#xE32;&#xE27;&#xE02;&#xE2D;&#xE07;&#xE09;&#xE31;&#xE19; -- &#xE17;&#xE24;&#xE29;&#xE0E;&#xE35;&#xE1B;&#xE25;&#xE48;&#xE2D;&#xE22;&#xE40;&#xE02;&#xE32; -- &#xE1A;&#xE17;&#xE17;&#xE35;&#xE48; 1 &#xE2B;&#xE22;&#xE38;&#xE14;&#xE40;&#xE1B;&#xE25;&#xE37;&#xE2D;&#xE07;&#xE0A;&#xE35;&#xE27;&#xE34;&#xE15;&#xE44;&#xE1B;&#xE01;&#xE31;&#xE1A;&#xE2A;&#xE34;&#xE48;&#xE07;&#xE17;&#xE35;&#xE48;&#xE04;&#xE38;&#xE13;&#xE04;&#xE27;&#xE1A;&#xE04;&#xE38;&#xE21;&#xE44;&#xE21;&#xE48;&#xE44;&#xE14;&#xE49; -- &#xE1A;&#xE17;&#xE17;&#xE35;&#xE48; 2 &#xE01;&#xE32;&#xE23;&#xE40;&#xE23;&#xE34;&#xE48;&#xE21;&#xE15;&#xE49;&#xE19; : &#xE1B;&#xE25;&#xE48;&#xE2D;&#xE22;&#xE40;&#xE02;&#xE32; + &#xE43;&#xE2B;&#xE49;&#xE09;&#xE31;&#xE19; -- &#xE04;&#xE38;&#xE13;&#xE41;&#xE25;&#xE30;&#xE17;&#xE24;&#xE29;&#xE0E;&#xE35;&#xE1B;&#xE25;&#xE48;&#xE2D;&#xE22;&#xE40;&#xE02;&#xE32; -- &#xE08;&#xE31;&#xE14;&#xE01;&#xE32;&#xE23;&#xE01;&#xE31;&#xE1A;&#xE04;&#xE27;&#xE32;&#xE21;&#xE40;&#xE04;&#xE23;&#xE35;&#xE22;&#xE14; -- &#xE1A;&#xE17;&#xE17;&#xE35;&#xE48; 3 &#xE40;&#xE23;&#xE37;&#xE48;&#xE2D;&#xE07;&#xE19;&#xE48;&#xE32;&#xE15;&#xE01;&#xE43;&#xE08; : &#xE0A;&#xE35;&#xE27;&#xE34;&#xE15;&#xE40;&#xE1B;&#xE47;&#xE19;&#xE40;&#xE23;&#xE37;&#xE48;&#xE2D;&#xE07;&#xE40;&#xE04;&#xE23;&#xE35;&#xE22;&#xE14; -- &#xE1A;&#xE17;&#xE17;&#xE35;&#xE48; 4 &#xE1B;&#xE25;&#xE48;&#xE2D;&#xE22;&#xE40;&#xE02;&#xE32;&#xE17;&#xE33;&#xE43;&#xE2B;&#xE49;&#xE04;&#xE38;&#xE13;&#xE40;&#xE04;&#xE23;&#xE35;&#xE22;&#xE14; -- &#xE01;&#xE25;&#xE31;&#xE27;&#xE04;&#xE27;&#xE32;&#xE21;&#xE04;&#xE34;&#xE14;&#xE40;&#xE2B;&#xE47;&#xE19;&#xE02;&#xE2D;&#xE07;&#xE04;&#xE19;&#xE2D;&#xE37;&#xE48;&#xE19; -- &#xE1A;&#xE17;&#xE17;&#xE35;&#xE48; 5 &#xE1B;&#xE25;&#xE48;&#xE2D;&#xE22;&#xE43;&#xE2B;&#xE49;&#xE40;&#xE02;&#xE32;&#xE04;&#xE34;&#xE14;&#xE44;&#xE21;&#xE48;&#xE14;&#xE35;&#xE01;&#xE31;&#xE1A;&#xE04;&#xE38;&#xE13; -- &#xE1A;&#xE17;&#xE17;&#xE35;&#xE48; 6 &#xE27;&#xE34;&#xE18;&#xE35;&#xE23;&#xE31;&#xE01;&#xE04;&#xE19;&#xE17;&#xE35;&#xE48;&#xE23;&#xE31;&#xE01;&#xE22;&#xE32;&#xE01; -- &#xE01;&#xE32;&#xE23;&#xE08;&#xE31;&#xE14;&#xE01;&#xE32;&#xE23;&#xE01;&#xE31;&#xE1A;&#xE1B;&#xE0F;&#xE34;&#xE01;&#xE34;&#xE23;&#xE34;&#xE22;&#xE32;&#xE17;&#xE32;&#xE07;&#xE2D;&#xE32;&#xE23;&#xE21;&#xE13;&#xE4C;&#xE02;&#xE2D;&#xE07;&#xE04;&#xE19;&#xE2D;&#xE37;&#xE48;&#xE19; -- &#xE1A;&#xE17;&#xE17;&#xE35;&#xE48; 7 &#xE40;&#xE21;&#xE37;&#xE48;&#xE2D;&#xE1C;&#xE39;&#xE49;&#xE43;&#xE2B;&#xE0D;&#xE48;&#xE2D;&#xE32;&#xE25;&#xE30;&#xE27;&#xE32;&#xE14;&#xE40;&#xE2B;&#xE21;&#xE37;&#xE2D;&#xE19;&#xE40;&#xE14;&#xE47;&#xE01; -- &#xE1A;&#xE17;&#xE17;&#xE35;&#xE48; 8 &#xE01;&#xE32;&#xE23;&#xE15;&#xE31;&#xE14;&#xE2A;&#xE34;&#xE19;&#xE43;&#xE08;&#xE17;&#xE35;&#xE48;&#xE16;&#xE39;&#xE01;&#xE21;&#xE31;&#xE01;&#xE08;&#xE30;&#xE23;&#xE39;&#xE49;&#xE2A;&#xE36;&#xE01;&#xE40;&#xE2B;&#xE21;&#xE37;&#xE2D;&#xE19;&#xE1C;&#xE34;&#xE14; -- &#xE2D;&#xE32;&#xE0A;&#xE19;&#xE30;&#xE19;&#xE34;&#xE2A;&#xE31;&#xE22;&#xE0A;&#xE2D;&#xE1A;&#xE40;&#xE1B;&#xE23;&#xE35;&#xE22;&#xE1A;&#xE40;&#xE17;&#xE35;&#xE22;&#xE1A;&#xE44;&#xE21;&#xE48;&#xE2B;&#xE22;&#xE38;&#xE14; -- &#xE1A;&#xE17;&#xE17;&#xE35;&#xE48; 9 &#xE43;&#xE0A;&#xE48; &#xE0A;&#xE35;&#xE27;&#xE34;&#xE15;&#xE44;&#xE21;&#xE48;&#xE22;&#xE38;&#xE15;&#xE34;&#xE18;&#xE23;&#xE23;&#xE21; -- &#xE1A;&#xE17;&#xE17;&#xE35;&#xE48; 10 &#xE27;&#xE34;&#xE18;&#xE35;&#xE17;&#xE33;&#xE43;&#xE2B;&#xE49;&#xE01;&#xE32;&#xE23;&#xE40;&#xE1B;&#xE23;&#xE35;&#xE22;&#xE1A;&#xE40;&#xE17;&#xE35;&#xE22;&#xE1A;&#xE40;&#xE1B;&#xE47;&#xE19;&#xE04;&#xE23;&#xE39; -- &#xE04;&#xE27;&#xE32;&#xE21;&#xE2A;&#xE31;&#xE21;&#xE1E;&#xE31;&#xE19;&#xE18;&#xE4C;&#xE02;&#xE2D;&#xE07;&#xE04;&#xE38;&#xE13;&#xE01;&#xE31;&#xE1A;&#xE17;&#xE24;&#xE29;&#xE0E;&#xE35;&#xE1B;&#xE25;&#xE48;&#xE2D;&#xE22;&#xE40;&#xE02;&#xE32; -- &#xE40;&#xE0A;&#xE35;&#xE48;&#xE22;&#xE27;&#xE0A;&#xE32;&#xE0D;&#xE01;&#xE32;&#xE23;&#xE21;&#xE35;&#xE21;&#xE34;&#xE15;&#xE23;&#xE20;&#xE32;&#xE1E;&#xE41;&#xE1A;&#xE1A;&#xE1C;&#xE39;&#xE49;&#xE43;&#xE2B;&#xE0D;&#xE48; -- &#xE1A;&#xE17;&#xE17;&#xE35;&#xE48; 11 &#xE04;&#xE27;&#xE32;&#xE21;&#xE08;&#xE23;&#xE34;&#xE07;&#xE17;&#xE35;&#xE48;&#xE44;&#xE21;&#xE48;&#xE21;&#xE35;&#xE43;&#xE04;&#xE23;&#xE1A;&#xE2D;&#xE01;&#xE04;&#xE38;&#xE13;&#xE40;&#xE01;&#xE35;&#xE48;&#xE22;&#xE27;&#xE01;&#xE31;&#xE1A;&#xE21;&#xE34;&#xE15;&#xE23;&#xE20;&#xE32;&#xE1E;&#xE43;&#xE19;&#xE27;&#xE31;&#xE22;&#xE1C;&#xE39;&#xE49;&#xE43;&#xE2B;&#xE0D;&#xE48; -- &#xE1A;&#xE17;&#xE17;&#xE35;&#xE48; 12 &#xE17;&#xE33;&#xE44;&#xE21;&#xE21;&#xE34;&#xE15;&#xE23;&#xE20;&#xE32;&#xE1E;&#xE01;&#xE31;&#xE1A;&#xE1A;&#xE32;&#xE07;&#xE04;&#xE19;&#xE16;&#xE36;&#xE07;&#xE04;&#xE48;&#xE2D;&#xE22; &#xE46; &#xE08;&#xE32;&#xE07;&#xE2B;&#xE32;&#xE22;&#xE44;&#xE1B;&#xE40;&#xE2D;&#xE07; -- &#xE1A;&#xE17;&#xE17;&#xE35;&#xE48; 13 &#xE27;&#xE34;&#xE18;&#xE35;&#xE2A;&#xE23;&#xE49;&#xE32;&#xE07;&#xE21;&#xE34;&#xE15;&#xE23;&#xE20;&#xE32;&#xE1E;&#xE17;&#xE35;&#xE48;&#xE14;&#xE35;&#xE17;&#xE35;&#xE48;&#xE2A;&#xE38;&#xE14;&#xE43;&#xE19;&#xE0A;&#xE35;&#xE27;&#xE34;&#xE15;&#xE02;&#xE2D;&#xE07;&#xE04;&#xE38;&#xE13; -- &#xE2A;&#xE23;&#xE49;&#xE32;&#xE07;&#xE41;&#xE23;&#xE07;&#xE08;&#xE39;&#xE07;&#xE43;&#xE08;&#xE43;&#xE2B;&#xE49;&#xE1C;&#xE39;&#xE49;&#xE2D;&#xE37;&#xE48;&#xE19;&#xE40;&#xE1B;&#xE25;&#xE35;&#xE48;&#xE22;&#xE19;&#xE41;&#xE1B;&#xE25;&#xE07; -- &#xE1A;&#xE17;&#xE17;&#xE35;&#xE48; 14 &#xE04;&#xE19;&#xE08;&#xE30;&#xE40;&#xE1B;&#xE25;&#xE35;&#xE48;&#xE22;&#xE19;&#xE01;&#xE47;&#xE15;&#xE48;&#xE2D;&#xE40;&#xE21;&#xE37;&#xE48;&#xE2D;&#xE1E;&#xE27;&#xE01;&#xE40;&#xE02;&#xE32;&#xE23;&#xE39;&#xE49;&#xE2A;&#xE36;&#xE01;&#xE2D;&#xE22;&#xE32;&#xE01;&#xE40;&#xE1B;&#xE25;&#xE35;&#xE48;&#xE22;&#xE19; -- &#xE1A;&#xE17;&#xE17;&#xE35;&#xE48; 15 &#xE1B;&#xE25;&#xE14;&#xE1B;&#xE25;&#xE48;&#xE2D;&#xE22;&#xE1E;&#xE25;&#xE31;&#xE07;&#xE41;&#xE2B;&#xE48;&#xE07;&#xE2D;&#xE34;&#xE17;&#xE18;&#xE34;&#xE1E;&#xE25;&#xE02;&#xE2D;&#xE07;&#xE04;&#xE38;&#xE13; -- &#xE0A;&#xE48;&#xE27;&#xE22;&#xE04;&#xE19;&#xE17;&#xE35;&#xE48;&#xE01;&#xE33;&#xE25;&#xE31;&#xE07;&#xE1B;&#xE23;&#xE30;&#xE2A;&#xE1A;&#xE1B;&#xE31;&#xE0D;&#xE2B;&#xE32; -- &#xE1A;&#xE17;&#xE17;&#xE35;&#xE48; 16 &#xE22;&#xE34;&#xE48;&#xE07;&#xE1E;&#xE22;&#xE32;&#xE22;&#xE32;&#xE21;&#xE0A;&#xE48;&#xE27;&#xE22; &#xE1E;&#xE27;&#xE01;&#xE40;&#xE02;&#xE32;&#xE01;&#xE47;&#xE22;&#xE34;&#xE48;&#xE07;&#xE08;&#xE21; -- &#xE1A;&#xE17;&#xE17;&#xE35;&#xE48; 17 &#xE27;&#xE34;&#xE18;&#xE35;&#xE43;&#xE2B;&#xE49;&#xE01;&#xE32;&#xE23;&#xE2A;&#xE19;&#xE31;&#xE1A;&#xE2A;&#xE19;&#xE38;&#xE19;&#xE2D;&#xE22;&#xE48;&#xE32;&#xE07;&#xE16;&#xE39;&#xE01;&#xE15;&#xE49;&#xE2D;&#xE07; -- &#xE40;&#xE25;&#xE37;&#xE2D;&#xE01;&#xE04;&#xE27;&#xE32;&#xE21;&#xE23;&#xE31;&#xE01;&#xE17;&#xE35;&#xE48;&#xE04;&#xE39;&#xE48;&#xE04;&#xE27;&#xE23;&#xE01;&#xE31;&#xE1A;&#xE04;&#xE38;&#xE13; -- &#xE1A;&#xE17;&#xE17;&#xE35;&#xE48; 18 &#xE1B;&#xE25;&#xE48;&#xE2D;&#xE22;&#xE40;&#xE02;&#xE32;&#xE43;&#xE2B;&#xE49;&#xE41;&#xE2A;&#xE14;&#xE07;&#xE15;&#xE31;&#xE27;&#xE15;&#xE19;&#xE2D;&#xE2D;&#xE01;&#xE21;&#xE32; -- &#xE1A;&#xE17;&#xE17;&#xE35;&#xE48; 19 &#xE27;&#xE34;&#xE18;&#xE35;&#xE22;&#xE01;&#xE23;&#xE30;&#xE14;&#xE31;&#xE1A;&#xE04;&#xE27;&#xE32;&#xE21;&#xE2A;&#xE31;&#xE21;&#xE1E;&#xE31;&#xE19;&#xE18;&#xE4C; -- &#xE1A;&#xE17;&#xE17;&#xE35;&#xE48; 20 &#xE17;&#xE38;&#xE01;&#xE15;&#xE2D;&#xE19;&#xE08;&#xE1A;&#xE04;&#xE37;&#xE2D;&#xE01;&#xE32;&#xE23;&#xE40;&#xE23;&#xE34;&#xE48;&#xE21;&#xE15;&#xE49;&#xE19;&#xE17;&#xE35;&#xE48;&#xE2A;&#xE27;&#xE22;&#xE07;&#xE32;&#xE21; -- &#xE1A;&#xE17;&#xE2A;&#xE23;&#xE38;&#xE1B; : &#xE22;&#xE38;&#xE04;&#xE2A;&#xE21;&#xE31;&#xE22;&#xE41;&#xE2B;&#xE48;&#xE07;&#xE01;&#xE32;&#xE23;&#xE43;&#xE2B;&#xE49;&#xE09;&#xE31;&#xE19;&#xE21;&#xE32;&#xE16;&#xE36;&#xE07;&#xE41;&#xE25;&#xE49;&#xE27;.</subfield>
  </datafield>
  <datafield tag="650" ind1=" " ind2="0">
    <subfield code="a">&#xE04;&#xE27;&#xE32;&#xE21;&#xE15;&#xE23;&#xE30;&#xE2B;&#xE19;&#xE31;&#xE01;&#xE43;&#xE19;&#xE28;&#xE31;&#xE01;&#xE22;&#xE20;&#xE32;&#xE1E;&#xE15;&#xE19;</subfield>
    <subfield code="9">6207</subfield>
  </datafield>
  <datafield tag="650" ind1=" " ind2="4">
    <subfield code="a">&#xE17;&#xE32;&#xE07;&#xE40;&#xE25;&#xE37;&#xE2D;&#xE01; (&#xE08;&#xE34;&#xE15;&#xE27;&#xE34;&#xE17;&#xE22;&#xE32;)</subfield>
    <subfield code="9">66894</subfield>
  </datafield>
  <datafield tag="650" ind1=" " ind2="4">
    <subfield code="a">&#xE01;&#xE32;&#xE23;&#xE08;&#xE31;&#xE14;&#xE01;&#xE32;&#xE23;&#xE15;&#xE19;&#xE40;&#xE2D;&#xE07; (&#xE08;&#xE34;&#xE15;&#xE27;&#xE34;&#xE17;&#xE22;&#xE32;)</subfield>
    <subfield code="9">27723</subfield>
  </datafield>
  <datafield tag="650" ind1=" " ind2="4">
    <subfield code="a">&#xE01;&#xE32;&#xE23;&#xE14;&#xE33;&#xE40;&#xE19;&#xE34;&#xE19;&#xE0A;&#xE35;&#xE27;&#xE34;&#xE15;</subfield>
    <subfield code="9">4418</subfield>
  </datafield>
  <datafield tag="650" ind1=" " ind2="4">
    <subfield code="a">&#xE01;&#xE32;&#xE23;&#xE1E;&#xE39;&#xE14;&#xE01;&#xE31;&#xE1A;&#xE15;&#xE19;&#xE40;&#xE2D;&#xE07;</subfield>
    <subfield code="9">62139</subfield>
  </datafield>
  <datafield tag="650" ind1=" " ind2="4">
    <subfield code="a">&#xE04;&#xE27;&#xE32;&#xE21;&#xE2A;&#xE33;&#xE40;&#xE23;&#xE47;&#xE08;</subfield>
    <subfield code="9">5759</subfield>
  </datafield>
  <datafield tag="700" ind1="1" ind2=" ">
    <subfield code="a">Robbins, Mel,</subfield>
    <subfield code="9">66892</subfield>
  </datafield>
  <datafield tag="700" ind1="0" ind2=" ">
    <subfield code="a">&#xE40;&#xE02;&#xE21;&#xE25;&#xE31;&#xE01;&#xE29;&#xE13;&#xE4C; &#xE14;&#xE35;&#xE1B;&#xE23;&#xE30;&#xE27;&#xE31;&#xE15;&#xE34;</subfield>
    <subfield code="9">37937</subfield>
  </datafield>
  <datafield tag="942" ind1=" " ind2=" ">
    <subfield code="2">lcc</subfield>
    <subfield code="c">GB</subfield>
  </datafield>
  <datafield tag="996" ind1=" " ind2=" ">
    <subfield code="a">varee.k</subfield>
    <subfield code="b">LIBSTF</subfield>
    <subfield code="c">2025-11-04</subfield>
  </datafield>
  <datafield tag="996" ind1=" " ind2=" ">
    <subfield code="a">jidapa.t</subfield>
    <subfield code="b">ACQSTF</subfield>
    <subfield code="c">2025-11-03</subfield>
  </datafield>
  <datafield tag="996" ind1=" " ind2=" ">
    <subfield code="a">saiphon.d</subfield>
    <subfield code="b">CATSTF	</subfield>
    <subfield code="c">2025-11-06</subfield>
  </datafield>
  <datafield tag="999" ind1=" " ind2=" ">
    <subfield code="c">107421</subfield>
    <subfield code="d">107421</subfield>
  </datafield>
  <datafield tag="998" ind1=" " ind2=" ">
    <subfield code="j">111</subfield>
    <subfield code="k"> &#xE19;&#xE32;&#xE07;&#xE2A;&#xE32;&#xE27;&#xE1E;&#xE08;&#xE1E;&#xE34;&#xE13;  &#xE1E;&#xE23;&#xE21;&#xE40;&#xE2D;&#xE35;&#xE48;&#xE22;&#xE21;</subfield>
  </datafield>
  <datafield tag="952" ind1=" " ind2=" ">
    <subfield code="0">0</subfield>
    <subfield code="1">0</subfield>
    <subfield code="2">lcc</subfield>
    <subfield code="4">0</subfield>
    <subfield code="7">0</subfield>
    <subfield code="8">CGBL</subfield>
    <subfield code="a">NALT</subfield>
    <subfield code="b">NALT</subfield>
    <subfield code="c">GEN</subfield>
    <subfield code="d">2025-11-03</subfield>
    <subfield code="l">9</subfield>
    <subfield code="m">6</subfield>
    <subfield code="o">BF 637.S4 &#xE23;187&#xE17; 2568</subfield>
    <subfield code="p">3961215861</subfield>
    <subfield code="q">2026-03-24</subfield>
    <subfield code="r">2026-03-10 00:00:00</subfield>
    <subfield code="s">2026-03-10</subfield>
    <subfield code="w">2025-11-03</subfield>
    <subfield code="y">GB</subfield>
  </datafield>
</record>
